000 00828nam1a22002531i 4500
001 v19\rc\1815126
005 20241109001659.0
035 _a(NLR Aleph) 004914083
090 _a5508139
_c5508139
100 _a20071224d19071913|||y0rusy50 ca
101 0 _arus
102 _aRU
105 _ay z |||||
200 1 _aСписок воспитанников Казанской учительской семинарии...
210 _aКазань
_d1907-1913
215 _d17
710 0 2 _aКазанская учительская семинария
_9351313
_3RU\NLR\AUTH\889927847
801 0 _aRU
_bNLR
_gpsbo
801 0 _aRU
_bRuMoRGB
_2psbo
801 1 _aRU
_bProSoft-M
_2rusmarc
852 _aNLR (1907-1914)
_jШифры разные
899 _aRuMoRGB (1911-1914)
_jU 16/1292
899 _aБАН (1907-1914)
942 _cBOOK